003790000a22001090004500090001700000245006600017041001400083100003800097942001300135773010400148999001700252 aASbSeriadas10aApuntes etnográficos sobre los indios del alto río Sinú0 aEspañol1 aReichel Dolmatoff, Gerardo912920 cARTICULO1 tRevista de la Academia Colombiana de Ciencias Exactas, Fisicas y Naturales332h45q29-40d1963g12 c14279d14279